|
|
|
|
| LEADER |
00000nam0a2200000 4500 |
| 001 |
113127 |
| 005 |
20231101215114.0 |
| 020 |
|
|
|a RU
|b 87-7262
|
| 035 |
|
|
|a (RuTPU)RU\TPU\book\122361
|
| 090 |
|
|
|a 113127
|
| 100 |
|
|
|a 20070406d1987 e y0rusy5003 ca
|
| 101 |
1 |
|
|a rus
|c fre
|
| 102 |
|
|
|a RU
|
| 105 |
|
|
|a a z 001ad
|
| 200 |
1 |
|
|a Сид
|e пер. с фр.
|f П. Корнель
|g сост. С. Д. Артамонов
|
| 210 |
|
|
|a Москва
|c Просвещение
|d 1987
|
| 215 |
|
|
|a 176 с.
|c ил.
|
| 225 |
1 |
|
|a Школьная библиотека
|
| 320 |
|
|
|a Комментарии: с. 171-175.
|
| 423 |
|
|
|t Тартюф, или Обманщик
|o пер. с фр.
|f Мольер
|c М.
|d 1987
|
| 600 |
|
0 |
|a Мольер
|c настоящее имя Жан-Батист Поклен
|c французский комедиограф
|f 1622-1673
|c актер
|2 stltpush
|3 (RuTPU)RU\TPU\pers\826
|
| 600 |
|
1 |
|a Корнель
|b П.
|c французский драматург
|f 1606-1684
|g Пьер
|2 stltpush
|3 (RuTPU)RU\TPU\pers\10138
|9 2187
|
| 606 |
1 |
|
|a Французская литература
|x Произведения
|2 stltpush
|3 (RuTPU)RU\TPU\subj\64346
|9 81252
|
| 610 |
1 |
|
|a художественная литература
|
| 610 |
1 |
|
|a комедии
|
| 610 |
1 |
|
|a драмы
|
| 610 |
1 |
|
|a классицизм
|
| 610 |
1 |
|
|a театр
|
| 610 |
1 |
|
|a 17 век
|
| 675 |
|
|
|a 84
|v 3
|
| 700 |
|
1 |
|a Корнель
|b П.
|c французский драматург
|f 1606-1684
|g Пьер
|2 stltpush
|3 (RuTPU)RU\TPU\pers\10138
|9 2187
|
| 702 |
|
1 |
|a Артамонов
|b С. Д.
|4 220
|
| 801 |
|
0 |
|a RU
|b RuMRKP
|c 19950417
|g psbo
|
| 801 |
|
1 |
|a RU
|b 63413507
|c 20070406
|g PSBO
|
| 801 |
|
2 |
|a RU
|b 63413507
|c 20220221
|g PSBO
|
| 942 |
|
|
|c BK
|